SZA - Ctrl - Statistics

General Stats
  • This quiz has been taken 206 times
  • The average score is 9 of 21
Answer Stats
2017 Ctrl % Correct
1 Supermodel
84%
4 Drew Barrymore
67%
9 Broken Clocks
64%
5 Prom
63%
6 The Weekend
62%
2 Love Galore (feat. Travis Scott)
59%
14 20 Something
56%
7 Go Gina
54%
12 Normal Girl
52%
3 Doves In The Wind (feat. Kendrick Lamar)
51%
10 Anything
41%
20 Awkward
39%
16 2AM
36%
21 Jodie
35%
13 Pretty Little Birds (feat. Isaiah Rashard)
35%
8 Garden (Say It Like Dat)
30%
17 Miles
29%
18 Percolator
21%
19 Tread Carefully
20%
11 Wavy (Interlude) (feat. James Fauntleroy)
19%
15 Love Galore (Alt Version)
12%
No matching quizzes found
Score Distribution
Percent of People with Each Score
Percentile by Number Answered
Your Score History
You have not taken this quiz